Analýza vplyvu zmien v klasifikácii finančných aktív podľa IFRS 9 na finančnú situáciu vybranej komerčnej banky

Zmeny, ktoré priniesol štandard IFRS 9 - Finančné nástroje. Implementácia IFRS 9 v Tatra banke, a. s. Tatra banka uplatňuje štyri kategórie klasifikácie finančných aktív. Tatra banka reklasifikovala dlhové cenné papiere, precenila podielové cenné papiere pôvodne oceňované v obstarávacej cene znížene...

ver descrição completa

Na minha lista:
Detalhes bibliográficos
Autor principal: Kadlečíková, Oľga, 1973-
Formato: Capítulo de Livro
Idioma:eslovaco
Assuntos:
Tags: Adicionar Tag
Sem tags, seja o primeiro a adicionar uma tag!

MARC

LEADER 00000naa$a2200000$$$4500
001 0249614
005 20240502074007.7
041 0 |a slo 
044 |a SK 
245 1 0 |a Analýza vplyvu zmien v klasifikácii finančných aktív podľa IFRS 9 na finančnú situáciu vybranej komerčnej banky  |c Oľga Kadlečíková 
520 |a Zmeny, ktoré priniesol štandard IFRS 9 - Finančné nástroje. Implementácia IFRS 9 v Tatra banke, a. s. Tatra banka uplatňuje štyri kategórie klasifikácie finančných aktív. Tatra banka reklasifikovala dlhové cenné papiere, precenila podielové cenné papiere pôvodne oceňované v obstarávacej cene zníženej o opravné položky na reálnu hodnotu v súlade s IFRS 9. 
610 2 0 |a banky obchodné 
610 2 0 |a štandardy účtovné medzinárodné 
610 2 0 |a IFRS 
610 2 0 |a nástroje finančné 
610 2 0 |a aktíva 
610 2 0 |a papiere cenné 
610 2 0 |a oceňovanie 
610 2 0 |a hodnota reálna 
100 1 |a Kadlečíková, Oľga, 1973-